[Event "BL2-W qual"]
[Site "Germany"]
[Date "1991.??.??"]
[Round "?"]
[White "Thormann, Wolfgang"]
[Black "Reinartz, Georg"]
[Result "1-0"]
[WhiteElo "2320"]
[BlackElo "2245"]

1.Nf3 c5 2.e4 Nc6 3.Bb5 g6 4.O-O Bg7 5.Re1 e5 6.Nc3 Nge7 7.Nd5 O-O 8.d3 h6
9.c3 d6 10.Nxe7+ Qxe7 11.Nd2 Be6 12.Nf1 Qc7 13.Bc4 Rad8 14.Ne3 Kh7 15.Qf3 Qd7
16.Qg3 Rde8 17.Bxe6 fxe6 18.f3 h5 19.Nd1 Bh6 20.Bg5 Nd8 21.Nf2 Nf7 22.Bxh6 Kxh6
23.Rad1 Qb5 24.Rd2 Qa5 25.a3 Qb6 26.Nd1 Ng5 27.h4 Nh7 28.Qf2 g5 29.Qe3 Rf4
30.g3 Rg8 31.Kh2 Rf6 32.hxg5+ Rxg5 33.Nf2 Kg7 34.Nh3 Rgg6 35.Rf1 Kh8 36.Rdf2 Qd8
37.f4 h4 38.gxh4 exf4 39.Nxf4 Rg4 40.Qh3 Rh6 41.Qxg4 Rxh4+ 42.Qxh4 Qxh4+
43.Kg1 Qg3+ 44.Rg2 Qe3+ 45.Kh2 c4 46.Ng6+ Kg7 47.Ne5+ Ng5 48.Rxg5+ Qxg5 49.Rg1 Qxg1+
50.Kxg1 dxe5 51.dxc4  1-0

[Event "BL2-W9091"]
[Site "Germany"]
[Date "1991.??.??"]
[Round "?"]
[White "Ostermeyer, Peter"]
[Black "Zlatilov, Ivailo"]
[Result "1/2-1/2"]
[WhiteElo "2425"]
[BlackElo "2365"]

1.e4 c5 2.Nf3 Nc6 3.Bb5 e6 4.Bxc6 bxc6 5.d3 d5 6.c4 Nf6 7.e5 Nd7 8.Qe2 Be7
9.Nc3 O-O 10.O-O Kh8 11.Bf4 f5  1/2-1/2

[Event "Regionalliga NordN"]
[Site "Germany"]
[Date "1991.??.??"]
[Round "?"]
[White "Kurth, Justus"]
[Black "Jahn, Otilia"]
[Result "0-1"]
[WhiteElo "2320"]
[BlackElo "2240"]

1.e4 c5 2.Nf3 Nc6 3.Bb5 g6 4.O-O Bg7 5.c3 e5 6.Bxc6 dxc6 7.d3 Ne7 8.Be3 b6
9.Qc2 O-O 10.Na3 Bg4 11.Ng5 h6 12.h3 Bh5 13.g4 hxg5 14.gxh5 Qd7 15.Kh2 g4
16.h6 Bf6 17.Rg1 gxh3 18.Rg3 Kh7 19.Qe2 Rad8 20.Rd1 Bh8 21.Rxh3 f5 22.f3 Bf6
23.Nc2 f4 24.Bf2 Rg8 25.d4 cxd4 26.cxd4 g5 27.Rg1 Qe6 28.Nb4 exd4 29.Nd3 Be5
30.Rh5 Rg6 31.Nxe5 Qxe5 32.Qc4 Qe6 33.Qxe6 Rxe6 34.Rhxg5 Rxh6+ 35.Kg2 Rg6
36.Kf1 Rxg5 37.Rxg5 c5 38.Ke2 Ng6 39.Rf5 Kg7 40.Be1 Rh8 41.Bf2 Rh2 42.Rd5 Kf6
43.Rd6+ Kf7 44.Rd7+ Ke6  0-1

[Event "Regionalliga NordN"]
[Site "Germany"]
[Date "1991.??.??"]
[Round "?"]
[White "Menzel, Ralf"]
[Black "Rabeler, Gert"]
[Result "1-0"]
[WhiteElo "2230"]
[BlackElo "2335"]

1.e4 c5 2.Nf3 Nc6 3.Bb5 g6 4.O-O Bg7 5.c3 Nf6 6.Re1 O-O 7.d4 cxd4 8.cxd4 d5
9.e5 Ne4 10.Bxc6 bxc6 11.Ng5 Nxg5 12.Bxg5 f6 13.Bf4 Qb6 14.Qd2 a5 15.Nc3 a4
16.Rac1 Bd7 17.h4 Ra7 18.Re3 fxe5 19.Bxe5 Bh6 20.h5 Bxe3 21.Qxe3 Be8 22.Qh6 e6
23.Bd6 Rf5 24.g4 Rf3 25.Bc5 Qxb2 26.Nd1 Qb8 27.Bxa7 Qxa7 28.hxg6 hxg6 29.Kg2 Rd3
30.Ne3 Qxd4 31.Qg5 Qe4+ 32.Kg1 d4 33.Ng2 Qf3 34.Nf4 Rd2 35.Rf1 Rxa2 36.Nxe6 Qf7
37.Nxd4 Qd5 38.Nf5 Qe6 39.Rd1 Bd7 40.Qd8+ Qe8  1-0

[Event "Groningen op"]
[Site "Groningen"]
[Date "1991.??.??"]
[Round "7"]
[White "Kuczynski, Robert"]
[Black "Faibisovich, Vadim Z"]
[Result "1-0"]
[WhiteElo "2480"]
[BlackElo "2415"]

1.e4 c5 2.Nf3 Nc6 3.Bb5 g6 4.O-O Bg7 5.c3 a6 6.Bxc6 dxc6 7.h3 e5 8.d3 Ne7
9.a4 a5 10.Na3 b6 11.Nc4 Qc7 12.Be3 Rb8 13.Nfd2 Qd8 14.Qe2 O-O 15.f4 exf4
16.Bxf4 Rb7 17.Nd6 Ra7 18.Nxc8 Nxc8 19.Rf3 Rd7 20.Raf1 Qe7 21.Qf2 Qe6 22.Qg3 Qa2
23.e5 Ne7 24.Bg5 Qxb2 25.Ne4 Nd5 26.R3f2 Qb3 27.e6 Ra7 28.c4 Bd4 29.cxd5 cxd5
30.e7 Rxe7 31.Bxe7 dxe4 32.Bxf8 Kxf8 33.Qd6+ Kg7 34.dxe4 Qb2 35.Qd7 Qb3 36.Kh1  1-0

[Event "Gyor-J"]
[Site "Gyor"]
[Date "1991.??.??"]
[Round "?"]
[White "Margolin, Boris"]
[Black "Belikov, Vladimir"]
[Result "0-1"]
[WhiteElo "2385"]
[BlackElo "2385"]

1.e4 c5 2.Nf3 Nc6 3.Bb5 e6 4.O-O Nge7 5.Re1 a6 6.Bf1 d5 7.exd5 Qxd5 8.c3 Nf5
9.Na3 Be7 10.Nc4 Qd8 11.a4 Nd6 12.Nce5 Nxe5 13.Nxe5 O-O 14.d4 cxd4 15.Qxd4 Nf5
16.Qe4 f6 17.Nc4 Nd6 18.Nxd6 Bxd6 19.Bc4 Kh8 20.Be3 Qc7 21.g3 f5 22.Qd4 f4
23.Bxf4 Bxf4 24.gxf4 b5 25.Bd3 Rxf4 26.Qe5 Qf7 27.Be4 Rg4+ 28.Kf1 Bb7 29.Rad1 Rf8
30.Rd2 Rf4 31.Qd4 e5 32.Qa7 Qc4+ 33.Bd3 Qd5 34.Qe3 Qg2+  0-1

[Event "Gyor-J"]
[Site "Gyor"]
[Date "1991.??.??"]
[Round "?"]
[White "Margolin, Boris"]
[Black "Seres, Lajos"]
[Result "1/2-1/2"]
[WhiteElo "2385"]
[BlackElo "2305"]

1.e4 c5 2.Nf3 Nc6 3.Bb5 g6 4.c3 Bg7 5.d4 cxd4 6.cxd4 Nf6 7.e5 Nd5 8.Nc3 Nc7
9.Bc4 O-O 10.Bf4 d6 11.exd6 exd6 12.h3 b5 13.Be2 b4 14.Ne4 Nd5 15.Bg3 Qe7
16.Qc2 Bf5 17.Qxc6 Qxe4 18.Ng5 Qxd4 19.Rd1 Qf6 20.Qxd5 Qxg5 21.O-O Be5 22.Bxe5 dxe5
23.Qxe5 Rae8 24.Qb5 a6 25.Qxa6 Bxh3 26.Bf3 Bg4 27.Rd3 Bxf3 28.Rxf3 Re4 29.Qd3 Rg4
30.g3 h5 31.Qe3  1/2-1/2

[Event "Hajduszoboszlo zt (Women)"]
[Site "Hajduszoboszlo"]
[Date "1991.??.??"]
[Round "6"]
[White "Veroci, Zsuzsa"]
[Black "Lupu, Smaranda  B"]
[Result "1/2-1/2"]
[WhiteElo "2325"]
[BlackElo "2220"]

1.e4 c5 2.Nf3 Nc6 3.Bb5 g6 4.Bxc6 dxc6 5.d3 Bg7 6.O-O Nf6 7.Nc3 O-O 8.h3 b6
9.Qe2 Ne8 10.e5 Nc7 11.Re1 Be6 12.a4 a5 13.Ng5 h6 14.Nxe6 Nxe6 15.f4 Nd4
16.Qf2 Qd7 17.Be3 Rad8 18.Ne4 Nf5 19.Nd2  1/2-1/2

[Event "Hallsberg op"]
[Site "Hallsberg"]
[Date "1991.??.??"]
[Round "?"]
[White "Jaracz, Pawel"]
[Black "Georgiev, Vladimir"]
[Result "0-1"]
[WhiteElo "2300"]
[BlackElo "2290"]

1.e4 c5 2.Nf3 Nc6 3.Bb5 g6 4.O-O Bg7 5.c3 e5 6.d4 cxd4 7.cxd4 exd4 8.Bf4 a6
9.Bc4 d6 10.Nbd2 Nge7 11.Ng5 O-O 12.Qb3 d5 13.Bxd5 Nxd5 14.exd5 Na5 15.Qf3 b5
16.Rac1 Bb7 17.Qh3 h6 18.Nge4 f5 19.Rc7 g5 20.Nc5 Qxd5 21.Nxb7 Nxb7 22.Qf3 Qxf3
23.Nxf3 gxf4 24.Rxb7 Rf7 25.Rb6 Rf6 26.Rxf6 Bxf6 27.Ne1 Rc8 28.Nd3 Rc2 29.Rd1 Kf7
30.Kf1 Be7 31.Ke1 Bd6 32.h3 Ke6 33.Rc1 Rc4 34.Kd2 Ra4 35.Ra1 a5 36.Re1+ Kd5
37.Ra1 Rc4 38.Rc1 a4 39.b3 axb3 40.axb3 Rxc1 41.Kxc1 Ke4 42.Kd2 f3 43.g3 Kd5
44.Kc2 Bc7 45.Kd2 Bb8 46.Kc2 Bd6 47.Kd1 Ke4 48.Kd2 h5 49.Kc2 Bxg3 50.Kd2 Bd6
51.Kc2 Be7 52.Kd2 Bg5+ 53.Kc2 Be3 54.Nc5+ Kf4 55.Nd3+ Kg5 56.fxe3 dxe3 57.Kd1 Kh4
58.Ke1 Kxh3 59.Nf4+ Kg4 60.Nd5 f4 61.Nf6+ Kg5 62.Ne4+ Kf5 63.Nd6+ Kg4 64.Nxb5 Kg3  0-1

[Event "Hania op"]
[Site "Hania"]
[Date "1991.??.??"]
[Round "2"]
[White "Georgiev, Kiril"]
[Black "Zahariev, Zahari"]
[Result "1-0"]
[WhiteElo "2585"]
[BlackElo "2375"]

1.e4 c5 2.Nf3 Nc6 3.Bb5 g6 4.O-O Bg7 5.Re1 Nf6 6.c3 O-O 7.Na3 a6 8.Bxc6 dxc6
9.h3 Ne8 10.d3 b6 11.Bf4 a5 12.Qd2 Ba6 13.Rad1 Ra7 14.d4 cxd4 15.cxd4 Nd6
16.Bh6 f6 17.Bxg7 Kxg7 18.d5 c5 19.e5 Nf7 20.Qc3 Kg8 21.Nc2 fxe5 22.Nxe5 Nxe5
23.Rxe5 Rf6 24.Ne3 Bc8 25.Re1 Qf8 26.Nc4 Rxf2 27.Nd6 Ba6 28.Nc4 Bxc4 29.Qxc4 Rd2
30.Rf1  1-0

[Event "Hania op"]
[Site "Hania"]
[Date "1991.??.??"]
[Round "3"]
[White "Mastrokoukos, Georgios"]
[Black "Rogers, Ian"]
[Result "1/2-1/2"]
[WhiteElo "2310"]
[BlackElo "2250"]

1.Nf3 c5 2.e4 Nc6 3.Bb5 e6 4.O-O Nge7 5.Re1 a6 6.Bf1 d5 7.exd5 Nxd5 8.d4 Nf6
9.Be3 cxd4 10.Nxd4 Nxd4 11.Qxd4 Qxd4 12.Bxd4 Bd7 13.c4 Bc6 14.Nc3 O-O-O 15.Rad1 Be7
16.a3 Rd7 17.Bb6 Rxd1 18.Rxd1 Nd7 19.Bd4 Bf6 20.Bxf6 Nxf6 21.f3 Kc7 22.Kf2 a5
23.b3 g5 24.Bd3 h6 25.Ke3 Rg8 26.b4 b6 27.b5 Bb7 28.Be4 Nxe4 29.fxe4 f5 30.exf5 exf5
31.Nd5+ Bxd5 32.Rxd5 Re8+ 33.Kd3 f4 34.Rf5 Kd6 35.Kd4 Re2 36.Rf6+ Re6 37.Rf5 a4
38.Rd5+ Kc7 39.c5 bxc5+ 40.Kxc5 Rf6 41.Kb4 g4 42.Kxa4 f3 43.gxf3 gxf3 44.Rd1 Kb6
45.Kb4 f2  1/2-1/2

[Event "Hartberg op"]
[Site "Hartberg"]
[Date "1991.??.??"]
[Round "2"]
[White "Palac, Mladen"]
[Black "Waller, Helmut"]
[Result "1-0"]
[WhiteElo "2475"]
[BlackElo "2235"]

1.e4 c5 2.Nf3 Nc6 3.Bb5 d6 4.c3 Bd7 5.d4 cxd4 6.cxd4 a6 7.Bxc6 bxc6 8.Nc3 g6
9.O-O Bg7 10.h3 e6 11.e5 d5 12.b3 Ne7 13.Ba3 O-O 14.Na4 Re8 15.Rc1 Bf8 16.Rc3 Nf5
17.Bxf8 Rxf8 18.Nc5 Ne7 19.Qd2 Bc8 20.Nh2 Kh8 21.Ng4 Ng8 22.Rf3 Ra7 23.Nf6 Qe7
24.h4 Rd8 25.h5 Nxf6 26.exf6 Qf8 27.Re1 Qg8 28.Qf4  1-0

[Event "Hartberg op"]
[Site "Hartberg"]
[Date "1991.??.??"]
[Round "7"]
[White "Topakian, Raffi"]
[Black "Tseitlin, Mark D"]
[Result "0-1"]
[WhiteElo "2255"]
[BlackElo "2435"]

1.e4 c5 2.Nf3 Nc6 3.Bb5 Nf6 4.Qe2 e5 5.O-O Bd6 6.c3 O-O 7.d3 Re8 8.Bg5 h6
9.Bh4 a6 10.Bc4 Bf8 11.Nbd2 g5 12.Nxg5 hxg5 13.Bxg5 Bg7 14.f4 exf4 15.Rxf4 d5
16.Raf1 dxc4 17.Bxf6 Qxd3 18.Qh5 Re5 19.Bxe5 Nxe5 20.Rxf7 Qe3+ 21.Kh1 Nxf7
22.Qxf7+ Kh7 23.Nxc4 Qe2 24.Rg1 Bg4 25.Ne5 Bh5 26.Qf5+ Kg8 27.Nf3 Bf7 28.Ng5 Qh5
29.g4 Qg6 30.Rd1 Qxf5 31.exf5 Bxa2 32.Ne4 Bb3 33.Rd2 b6 34.g5 Re8 35.Nd6 Re5
36.Nc8 Bf8 37.Rd8 b5 38.g6 Bc2 39.f6 Be4+ 40.Kg1 Rg5+ 41.Kf2 Bxg6 42.Ne7+ Kf7
43.Ra8 Be4 44.Rxa6 Rg2+ 45.Ke3 Bb7  0-1

[Event "Hartberg op"]
[Site "Hartberg"]
[Date "1991.??.??"]
[Round "8"]
[White "Basagic, Zlatko"]
[Black "Topakian, Raffi"]
[Result "1-0"]
[WhiteElo "2370"]
[BlackElo "2255"]

1.e4 c5 2.Nf3 Nc6 3.Bb5 g6 4.O-O Bg7 5.Re1 Nf6 6.e5 Nd5 7.Nc3 Nc7 8.Bxc6 dxc6
9.Ne4 b6 10.Nf6+ Kf8 11.Ne4 Bg4 12.Nc3 Ne6 13.h3 Bxf3 14.Qxf3 Nd4 15.Qd1 Qc7
16.f4 f5 17.Ne2 Rd8 18.d3 Nxe2+ 19.Qxe2 e6 20.Be3 Kf7 21.a3 a5 22.g4 fxg4
23.Qxg4 Rhe8 24.h4 Kg8 25.Kf2 Qf7 26.Ke2 h5 27.Qf3 c4 28.Rg1 cxd3+ 29.cxd3 Rd5
30.Qe4 Kh7 31.Rg5 Bh6 32.Rxh5 Kg7 33.Rg1 Rh8 34.f5 exf5 35.Rxf5 Qe8 36.Rf6 g5
37.Bxg5 Rxe5 38.Bf4+  1-0

[Event "Hastings Challengers9192"]
[Site "Hastings"]
[Date "1991.??.??"]
[Round "?"]
[White "Emms, John M"]
[Black "Ansell, Simon"]
[Result "1-0"]
[WhiteElo "2425"]
[BlackElo "2255"]

1.e4 c5 2.Nf3 Nc6 3.Bb5 e6 4.O-O Nge7 5.Nc3 Nd4 6.Nxd4 cxd4 7.Ne2 Nc6 8.c3 Bc5
9.Qa4 e5 10.Bxc6 dxc6 11.cxd4 Bxd4 12.Nxd4 Qxd4 13.Qxd4 exd4 14.b4 a5 15.Bb2 axb4
16.Bxd4 O-O 17.Bc5 Rd8 18.d4 Be6 19.Rfd1 Rxa2 20.Rxa2 Bxa2 21.Bxb4 Bb3 22.Ra1 h6
23.Bc5 Bc4 24.f3 Ba6 25.Kf2 Kh7 26.Ke3 Kg6 27.g4 Kf6 28.f4 Ke6 29.f5+ Kd7
30.h4 Re8 31.Rg1 Bc4 32.Kf4 Ra8 33.g5 hxg5+ 34.hxg5 Rh8 35.g6 Rh4+ 36.Ke3 Rh3+
37.Kf4 Rh4+ 38.Kf3 Ke8 39.gxf7+ Kxf7 40.Rg6 Rh6 41.Rxh6 gxh6 42.Bb6 Ke7 43.Kf4 h5
44.e5 h4 45.Bc5+ Kf7 46.Kg4 Bd3 47.Kg5 Kg8 48.e6 h3 49.Bd6 Bc4 50.Kf6 h2
51.Bxh2 Kf8 52.Bd6+ Ke8 53.Ke5  1-0

[Event "Hastings Challengers9192"]
[Site "Hastings"]
[Date "1991.??.??"]
[Round "?"]
[White "Conquest, Stuart"]
[Black "Maric, Alisa"]
[Result "1-0"]
[WhiteElo "2465"]
[BlackElo "2420"]

1.e4 c5 2.Nf3 Nc6 3.Bb5 g6 4.O-O Bg7 5.Re1 Nf6 6.c3 O-O 7.h3 e5 8.Na3 Qc7
9.d4 cxd4 10.cxd4 exd4 11.e5 Nd5 12.Bc4 Nb6 13.Nb5 Qb8 14.Bb3 a6 15.Nd6 Nxe5
16.Nxe5 Qxd6 17.Nxf7 Qc5 18.Bg5 d6 19.Rc1 Qa5 20.Nxd6+ Kh8 21.Nf7+ Kg8 22.Ne5+ Kh8
23.Bd2 Qb5 24.a4  1-0

[Event "Helsingborg-B"]
[Site "Helsingborg"]
[Date "1991.??.??"]
[Round "?"]
[White "Solbrand, Stefan"]
[Black "Solin, Niclas"]
[Result "1/2-1/2"]
[WhiteElo "2200"]
[BlackElo "2200"]

1.e4 c5 2.Nf3 Nc6 3.Bb5 d6 4.O-O Bd7 5.d4 cxd4 6.Nxd4 Nf6 7.Bxc6 bxc6 8.Re1 e5
9.Nb3 Be6 10.Nc3 Be7 11.h3 O-O 12.f4 exf4 13.Bxf4 d5 14.exd5 Nxd5 15.Nxd5 Bxd5
16.Qd3 Bxb3 17.Qxd8 Rfxd8 18.axb3 Bc5+ 19.Be3 Bb6 20.Kf1 Kf8 21.b4 Rab8 22.Bxb6 axb6
23.Ra7 Rd6 24.Re3 Rf6+ 25.Ke2 Rd8 26.Rb7 b5 27.Rc7 g6 28.b3 Rd4 29.c3 Rd5
30.g4 h5 31.Re4 hxg4 32.hxg4 Rdd6 33.c4 Rfe6 34.Rxe6 Rxe6+ 35.Kd3 f5 36.gxf5 gxf5
37.Rb7 bxc4+ 38.bxc4 f4 39.Ra7 f3 40.Ra2 Ke7 41.Rf2 Rd6+ 42.Ke4 Rd1 43.Rxf3 Rb1
44.Kd4 Rxb4 45.Kc5 Ra4 46.Rd3 Ra8 47.Rh3 Ra4 48.Rh7+ Ke8 49.Rb7 Kd8 50.Kd6 Kc8
51.Rc7+ Kb8 52.c5 Rh4 53.Re7 Kc8 54.Re2 Rh1 55.Re6 Ra1 56.Rh6 Ra2 57.Rh7 Ra1
58.Rc7+ Kb8 59.Kd7 Rh1 60.Rxc6 Rh7+ 61.Kd6 Rh6+ 62.Kd5 Rh5+ 63.Kc4 Kb7  1/2-1/2

[Event "Helsingborg-B"]
[Site "Helsingborg"]
[Date "1991.??.??"]
[Round "?"]
[White "Hellsten, Johan"]
[Black "Jersblad, Johan"]
[Result "1-0"]
[WhiteElo "2200"]
[BlackElo "2200"]

1.e4 c5 2.Nf3 Nc6 3.Bb5 g6 4.O-O Bg7 5.Re1 e5 6.Bxc6 dxc6 7.d3 Qc7 8.a4 f6
9.Be3 Qe7 10.Qd2 Be6 11.Qc3 Bf8 12.a5 Rc8 13.Nbd2 Nh6 14.Nb3 Bxb3 15.Qxb3 Nf7
16.Bxc5 Qxc5 17.Qe6+ Kd8 18.Qxf7 Qe7 19.Qa2 Kc7 20.d4 Kb8 21.Rad1 Bg7 22.c3 Rcd8
23.Qc4 Rhe8 24.a6 Qe6 25.Qxe6 Rxe6 26.dxe5 Rxd1 27.Rxd1 bxa6 28.Rd7 Bh6 29.Rxh7 Bc1
30.Nd4  1-0

[Event "Helsinki op"]
[Site "Helsinki"]
[Date "1991.??.??"]
[Round "?"]
[White "Karner, Hillar"]
[Black "Manninen, Marko"]
[Result "1/2-1/2"]
[WhiteElo "2350"]
[BlackElo "2310"]

1.e4 c5 2.Nf3 Nc6 3.Bb5 g6 4.O-O Bg7 5.d3 Nf6 6.Nc3 O-O 7.Bf4 Nd4 8.Bc4 d6
9.Nxd4 cxd4 10.Nd5 Nxd5 11.exd5 a5 12.a4 Qc7 13.Qd2 Bd7 14.Rfc1 Rfc8 15.Bh6 Bxh6
16.Qxh6 Qb6  1/2-1/2

[Event "Herning"]
[Site "Herning"]
[Date "1991.??.??"]
[Round "?"]
[White "Jansa, Vlastimil"]
[Black "Sloth, Jorn"]
[Result "1/2-1/2"]
[WhiteElo "2485"]
[BlackElo "2360"]

1.e4 c5 2.Nf3 Nc6 3.Bb5 d6 4.O-O Bd7 5.Re1 Nf6 6.c3 a6 7.Bf1 Bg4 8.d4 cxd4
9.cxd4 d5 10.e5 Nd7 11.Nc3 e6 12.Be3 Be7 13.Bd3 Rc8 14.Rc1 Nb6 15.Ne2 Bxf3
16.gxf3 Nc4 17.Bxc4 dxc4 18.Nf4 Nb4 19.Qe2 b5 20.b3 g5 21.Nh5 Nd3 22.bxc4 bxc4
23.Rxc4 Nxe1 24.Rxc8 Qxc8 25.Qxe1 Qc6 26.Qe2 Kd7 27.h3 Rc8 28.Kg2 Qb5 29.Qd2 h6
30.Ng3 Rc6 31.Ne4 Kc7 32.Nc5 Bxc5 33.dxc5 Qc4 34.Qb2 Qd5 35.Kg3 Kc8 36.Bd4 Rc7
37.Kg4 Rb7 38.Qc3 Rd7 39.Be3 Rc7 40.Bd4 Kd7 41.a3 Rb7 42.Be3 Rb3 43.Qa5 Qc4+
44.Kg3 Qb5 45.Qd2+ Rd3 46.Qc1 Kc6 47.Qh1 Qb3 48.f4+ Qd5 49.Qb1 Rb3 50.Qh7 gxf4+
51.Kxf4 f6 52.exf6 Qg5+ 53.Kf3 Qxf6+ 54.Kg2 Rxe3 55.fxe3 Qg5+ 56.Kf2 Qh4+
57.Kg2 Qg5+ 58.Kf3 Qh5+ 59.Kg3 Qg5+ 60.Kf2 Qh4+  1/2-1/2

[Event "HUN-ch (Women)"]
[Site "HUN"]
[Date "1991.??.??"]
[Round "?"]
[White "Csoke, Adrienn"]
[Black "Rajcsanyi, Zita"]
[Result "1/2-1/2"]
[WhiteElo "2235"]
[BlackElo "2100"]

1.e4 c5 2.Nf3 Nc6 3.Bb5 g6 4.O-O Bg7 5.c3 Nf6 6.e5 Nd5 7.d4 cxd4 8.cxd4 O-O
9.Nc3 Nxc3 10.bxc3 d6 11.exd6 Qxd6 12.a4 Rd8 13.Ba3 Qc7 14.Re1 Bf6 15.Bxc6 bxc6
16.Ne5 Be6 17.Qf3 Rd5 18.Qg3  1/2-1/2

[Event "HUN-ch (Women)"]
[Site "HUN"]
[Date "1991.??.??"]
[Round "?"]
[White "Csoke, Adrienn"]
[Black "Velvart, Peterne"]
[Result "1-0"]
[WhiteElo "2235"]
[BlackElo "2155"]

1.e4 c5 2.Nf3 Nc6 3.Bb5 g6 4.O-O Bg7 5.c3 Qc7 6.d4 cxd4 7.cxd4 a6 8.Ba4 Nf6
9.Nc3 O-O 10.Bg5 e6 11.Qd2 b5 12.e5 Ne8 13.Bb3 d5 14.Rac1 Qb6 15.Bxd5 f6
16.Bxc6 Qxc6 17.exf6 Nxf6 18.Ne5 Qb7 19.Bxf6 Bxf6 20.Qe3 Qg7 21.Ne2 Bb7 22.Rc5 h6
23.Qd3 Rfd8 24.Qg3 Bd5 25.Nxg6 Be4 26.Ne5 Qxg3 27.hxg3 Be7 28.Rcc1 Bf6 29.Rfd1 Bd5
30.b3 a5 31.Rc5 b4 32.Nf4 a4 33.Nxd5 exd5 34.Nc6 axb3 35.axb3 Rf8 36.Rxd5  1-0

[Event "HUN-ch (Women)"]
[Site "HUN"]
[Date "1991.??.??"]
[Round "?"]
[White "Lendvai, Noemi"]
[Black "Csoke, Adrienn"]
[Result "1-0"]
[WhiteElo "2170"]
[BlackElo "2235"]

1.e4 c5 2.Nf3 Nc6 3.Bb5 e6 4.O-O Nge7 5.b3 a6 6.Bxc6 bxc6 7.e5 Ng6 8.Ba3 f6
9.exf6 gxf6 10.c4 e5 11.Nc3 d6 12.Re1 Kf7 13.d3 a5 14.Bc1 h5 15.Be3 Be7 16.a3 Bf5
17.Rf1 Qd7 18.Ne1 d5 19.Bd2 Rag8 20.Ra2 Nh4 21.f4 Bxd3 22.Rf2 Bf5 23.fxe5 Bg4
24.Qc1 Rg6 25.Bg5 Nf5 26.Bf4 Rhg8 27.Rad2 d4 28.Ne4 fxe5 29.Nd3 Qe6 30.Nxe5+ Ke8
31.Nxg6 Rxg6 32.Ng3 Ne3 33.Qe1 h4 34.Nf1 Nxf1 35.Qxe6 Rxe6 36.Rxf1 Kd7 37.Ra1 Re4
38.g3 h3 39.Kf2 Kc8 40.Re1 Bf5 41.Rxe4 Bxe4 42.Re2  1-0

[Event "HUN-ch (Women)"]
[Site "HUN"]
[Date "1991.??.??"]
[Round "?"]
[White "Lendvai, Noemi"]
[Black "Rajcsanyi, Zita"]
[Result "1-0"]
[WhiteElo "2170"]
[BlackElo "2100"]

1.e4 c5 2.Nf3 Nc6 3.Bb5 g6 4.O-O Bg7 5.c3 Nf6 6.Re1 O-O 7.h3 a6 8.Bxc6 dxc6
9.d4 cxd4 10.cxd4 c5 11.e5 Nd7 12.d5 b5 13.d6 Bb7 14.Bg5 Bxf3 15.gxf3 Nxe5
16.f4 Nc4 17.Bxe7 Qd7 18.Nc3 Rfe8 19.Qf3 Bxc3 20.bxc3 Nxd6 21.Qd5 Rxe7 22.Qxa8+ Kg7
23.Qd5 Nc4 24.Qxc5 Rxe1+ 25.Rxe1 Qxh3 26.Qd4+ Kh6 27.Re7 Qg4+ 28.Kf1 Qd1+  1-0

[Event "HUN-ch (Women)"]
[Site "HUN"]
[Date "1991.??.??"]
[Round "?"]
[White "Lendvai, Noemi"]
[Black "Velvart, Peterne"]
[Result "1-0"]
[WhiteElo "2170"]
[BlackElo "2155"]

1.e4 c5 2.Nf3 Nc6 3.Bb5 Qc7 4.O-O a6 5.Bxc6 dxc6 6.h3 e5 7.b3 Be7 8.Bb2 Bf6
9.a4 a5 10.Nc3 Ne7 11.Ne2 Be6 12.d3 O-O 13.Nh2 Ng6 14.f4 exf4 15.Bxf6 gxf6
16.Qd2 f5 17.exf5 Bxf5 18.Nxf4 Nxf4 19.Rxf4 Bg6 20.Raf1 f5 21.Nf3 Rf7 22.Nh4 Raf8
23.Qc3 b6 24.Qc4 Kg7 25.Qc3+ Kg8 26.Qd2 Qd6 27.Qf2 Qd5 28.Re1 Qd6 29.Re3 Kh8
30.Ref3 Qd5 31.g4 Rg8 32.Nxf5 h5 33.Nh6 Rxf4 34.Rxf4 Rg7 35.Rf8+ Kh7 36.Nf5 Bxf5
37.Rxf5  1-0

[Event "HUN-chT"]
[Site "HUN"]
[Date "1991.??.??"]
[Round "?"]
[White "Horvath, Zoltan"]
[Black "Mate, Laszlo"]
[Result "1-0"]
[WhiteElo "2340"]
[BlackElo "2245"]

1.e4 c5 2.Nf3 Nc6 3.Bb5 g6 4.O-O Bg7 5.Re1 Nf6 6.Nc3 a6 7.Bxc6 dxc6 8.e5 Nd5
9.Ne4 b6 10.d4 cxd4 11.Nxd4 Bb7 12.e6 f6 13.Nf5 O-O 14.Nh6+ Bxh6 15.Bxh6 Re8
16.c4 Nc7 17.Qb3 Nxe6 18.c5 Qd5 19.Qxb6 Rab8 20.Nc3 Qh5 21.Rxe6 Qxh6 22.g3 Ba8
23.Qc7 Rb7 24.Qxc6 Rbb8 25.Qxa6 Qh3 26.Re4 Bxe4 27.Nxe4 Rxb2 28.Qc4+ Kf8
29.c6 Reb8 30.Rc1 Rb1 31.c7 Rxc1+ 32.Qxc1 Rc8 33.Qc6 Qf5 34.Nc5 Kf7 35.a4 Qe5
36.Na6 Qe6 37.Qb7 h5 38.a5 h4 39.Nc5 Qf5 40.Qb3+  1-0

[Event "HUN-chT"]
[Site "HUN"]
[Date "1991.??.??"]
[Round "?"]
[White "Lakos, Nikoletta"]
[Black "Hardicsay, Peter"]
[Result "0-1"]
[WhiteElo "2085"]
[BlackElo "2360"]

1.e4 c5 2.Nf3 Nc6 3.Bb5 e6 4.O-O Nge7 5.Re1 a6 6.Bf1 Qc7 7.c3 d5 8.exd5 Nxd5
9.d4 cxd4 10.Nxd4 Be7 11.Nf5 exf5 12.Qxd5 O-O 13.Qf3 Bd6 14.h3 Be6 15.Nd2 Rfe8
16.Nb3 Ne5 17.Qd1 Nc6 18.Bd2 Rad8 19.Qc1 h6 20.Nd4 Nxd4 21.cxd4 Qb6 22.Bc3 Bb8
23.Qd2 Qd6 24.g3 Bd5 25.Bg2 Bxg2 26.Kxg2 Qd5+ 27.Kg1 f4 28.Kh2 Qf3 29.g4 Re3
30.Kg1 Rd3 31.Qe2 Qxh3 32.Qf1 Qxg4+ 33.Qg2 Qxg2+ 34.Kxg2 Bd6 35.f3 Re3 36.Kf2 Rde8
37.Bd2 Rxe1  0-1

[Event "HUN-ch (Women)"]
[Site "HUN"]
[Date "1991.??.??"]
[Round "?"]
[White "Porubszky Angyalosine, Maria A"]
[Black "Velvart, Peterne"]
[Result "1-0"]
[WhiteElo "2185"]
[BlackElo "2155"]

1.e4 c5 2.Nf3 Nc6 3.Bb5 Nd4 4.Nxd4 cxd4 5.O-O a6 6.Bc4 Nf6 7.e5 d5 8.Bb3 Nd7
9.Re1 Nc5 10.d3 Nxb3 11.axb3 g6 12.Nd2 Bg7 13.h3 Bd7 14.Nf3 Qb6 15.Qd2 Rc8
16.Re2 f6 17.exf6 Bxf6 18.Qh6 Rc6 19.Bg5 Kf7 20.Rae1 Re6 21.Rxe6 Bxe6 22.Bxf6 exf6
23.Qf4 Re8 24.Qxd4 Qxd4 25.Nxd4 Bd7 26.Rxe8 Bxe8 27.b4 Ke7 28.f4 Bd7 29.Kf2 Kd6
30.Ke3 b6 31.Ne2 Be8 32.Kd4 Bf7 33.Nc3 Kc6 34.b3 Be6 35.Ne2 Kd6 36.c4 a5
37.bxa5 bxa5 38.Nc3 dxc4 39.bxc4 f5 40.Nb5+ Kc6 41.Kc3  1-0

[Event "HUN-ch (Women)"]
[Site "HUN"]
[Date "1991.??.??"]
[Round "?"]
[White "Porubszky Angyalosine, Maria A"]
[Black "Zimmersmann, Rita"]
[Result "0-1"]
[WhiteElo "2185"]
[BlackElo "2230"]

1.e4 c5 2.Nf3 Nc6 3.Bb5 g6 4.O-O Bg7 5.c3 e5 6.Re1 Nge7 7.Na3 O-O 8.Nc4 d6
9.Ne3 a6 10.Bxc6 Nxc6 11.h3 Be6 12.d3 h6 13.Nc2 f5 14.b4 Qf6 15.bxc5 fxe4
16.dxe4 dxc5 17.Ne3 Rad8 18.Nd5 Qf7 19.c4 Nd4 20.Be3 Bxh3 21.Bxd4 exd4 22.gxh3 Qxf3
23.Qxf3 Rxf3 24.Rab1 b5 25.cxb5 axb5 26.Rxb5 c4 27.Kg2 Rdf8 28.Ne7+ Kh7 29.Nf5 Ra3
30.Nxg7 Kxg7 31.Rb7+ Rf7 32.Rb4 Rc3 33.e5 d3 34.e6 Re7 35.a4 d2 36.Rd1 Rc2
37.Rb6 c3 38.Kf3 Rc1 39.Ke2 c2 40.Rxd2 Re1+ 41.Kxe1 c1=Q+ 42.Rd1 Qc3+ 43.Rd2 Qxh3  0-1

[Event "HUN-chT"]
[Site "HUN"]
[Date "1991.??.??"]
[Round "?"]
[White "Mathe, Gaspar"]
[Black "Hardicsay, Peter"]
[Result "1-0"]
[WhiteElo "2405"]
[BlackElo "2360"]

1.e4 c5 2.Nf3 Nc6 3.Bb5 e6 4.O-O Nge7 5.Re1 a6 6.Bf1 Qc7 7.b3 Ng6 8.Bb2 f6
9.c3 Nce5 10.d4 Nxf3+ 11.Qxf3 Be7 12.Nd2 O-O 13.d5 exd5 14.exd5 d6 15.Qe3 f5
16.f4 Bd7 17.c4 Rae8 18.Qf2 Qd8 19.g3 Bf6 20.Nf3 h6 21.Bd3 Rxe1+ 22.Rxe1 Bxb2
23.Qxb2 Re8 24.Kf2 Rxe1 25.Nxe1 a5 26.Ng2 Ne7 27.Ne3 b6 28.a3 Qc8 29.Kf3 Kf7
30.h3 Qd8 31.b4 Qc7 32.bxa5 bxa5 33.Qc2 g6 34.Qc3 Ng8 35.g4 fxg4+ 36.hxg4 Qd8
37.Qh8 Qf6 38.Qh7+ Qg7 39.Bxg6+ Kf8 40.Qxg7+ Kxg7 41.Bf5 Ba4 42.Bc2 Bd7 43.Kg3 Ne7
44.Nf1 Ng8 45.Kh4 Nf6 46.g5 hxg5+ 47.Kxg5 Kf7 48.Ne3 Ke7 49.Bg6 Bc8 50.Bf5 Ba6
51.Kg6 Ne8 52.Be6 Kf8 53.f5 Nc7 54.f6 Na8 55.Nf5 Bxc4 56.Nxd6 Bd3+ 57.Kg5 Nb6
58.Kf4 Bg6 59.Ke5 a4 60.Nb7 Nc4+ 61.Kf4 Nxa3 62.d6 Be8 63.Nxc5 Nc2 64.d7 Nd4
65.d8=Q  1-0

[Event "HUN-chT"]
[Site "HUN"]
[Date "1991.??.??"]
[Round "?"]
[White "Poor, Istvan"]
[Black "Kiss, Pal"]
[Result "1-0"]
[WhiteElo "2225"]
[BlackElo "2430"]

1.e4 c5 2.Nf3 Nc6 3.Bb5 g6 4.O-O Bg7 5.c3 Nf6 6.Re1 a6 7.Ba4 O-O 8.d4 cxd4
9.Nxd4 Qc7 10.Nd2 d6 11.N2f3 b5 12.Bc2 Bg4 13.Be3 Ne5 14.h3 Bxf3 15.Nxf3 Nc4
16.Bc1 Nd7 17.Rb1 Rab8 18.h4 a5 19.h5 b4 20.cxb4 axb4 21.hxg6 hxg6 22.Ng5 Bf6
23.Bb3 Kg7 24.Qe2 Ndb6 25.Nh3 Rh8 26.Bf4 Rh5 27.Rbc1 Rc5 28.Rc2 Na5 29.Rxc5 Qxc5
30.Be3 Qe5 31.f4 Qxe4 32.Bc2 Qc6 33.f5 Nac4 34.Bf2 Ne5 35.Nf4 Qc4 36.Qd2 Bg5
37.Ne6+ fxe6 38.Qxg5 Nd5 39.Rxe5 dxe5 40.Qxg6+ Kf8 41.fxe6 Qf4 42.Bf5 Qc1+
43.Kh2  1-0

[Event "HUN-chT"]
[Site "HUN"]
[Date "1991.??.??"]
[Round "?"]
[White "Egyed, Andras"]
[Black "Zimmersmann, Rita"]
[Result "0-1"]
[WhiteElo "2210"]
[BlackElo "2200"]

1.Nf3 c5 2.e4 Nc6 3.Bb5 g6 4.O-O Bg7 5.c3 Nf6 6.Re1 O-O 7.d4 cxd4 8.Nxd4 Qb6
9.Nxc6 bxc6 10.Bc4 d5 11.exd5 cxd5 12.Bb3 Bg4 13.Qd3 Qc7 14.Qg3 Qd7 15.f3 Bf5
16.Qf4 e5 17.Qh4 e4 18.Bg5 Qc6 19.Nd2 Rfe8 20.Rad1 a5 21.g4 Bd7 22.Be3 a4
23.Bc2 exf3 24.h3 a3 25.Bb3 axb2 26.Bd4 Ne4 27.Nxe4 dxe4 28.Bxg7 Kxg7 29.Bxf7 Rf8
30.Bd5 Qxc3 31.Qe7+ Kh8 32.Bxa8 f2+ 33.Kh2 Qc7+ 34.Rd6 Rxa8 35.Rd1 Re8 36.Qf6+ Kg8
37.Kg2 Rf8 38.Qe5 f1=Q+ 39.Rxf1 Qc2+ 40.Kg3 Rxf1  0-1